| 000 | 00399nam a2200157 i 4500 | ||
|---|---|---|---|
| 001 | 84146 | ||
| 003 | ES-MaACL | ||
| 005 | 20230906174944.0 | ||
| 007 | t| | ||
| 008 | 041119s1918 fr ||||1| fre d | ||
| 100 | 1 |
_aJaloux, Edmond. _965955 |
|
| 245 | 1 | 2 |
_aL'incertaine / _cEdmond Jaloux. |
| 260 |
_aParis : _b[s.n.], _c1918 ( _fImp. Lux) |
||
| 300 |
_a302 p. ; _c18 cm. |
||
| 852 |
_aES-MaACL _jF-4771 |
||
| 999 |
_c84146 _d84146 |
||